[Event "XII Americas Continental-ch 2017"]
[Site "Medellin"]
[Date "2017.06.11"]
[Round "1"]
[White "Vasquez Schroeder, Rodrigo"]
[Black "Lotero, Faiber"]
[Result "1-0"]
[WhiteElo "2553"]
[BlackElo "2092"]
[Annotator "TA"]
[PlyCount "61"]
[EventDate "2017.??.??"]
[EventType "swiss"]
[EventCountry "COL"]
[SourceTitle "playchess.com"]
[Source "ChessBase"]
[SourceQuality "1"]

{[%evp 20,61,89,86,79,56,64,56,56,54,64,50,62,45,52,45,60,38,56,38,71,62,149,122,205,193,202,185,248,235,438,458,551,542,794,763,859,862,802,741,1083,1077,1262,1135]} 1. d4 {[%cal Bd2d4,Bd4d5][%mdl 32]} Nf6 2. Nf3 g6 3. c4 c5 4. d5 d6 5. Nc3 Bg7 6. e4 O-O 7. h3 e6 8. Bd3 exd5 9. exd5 a6 {E90: King's Indian: Classical: Early deviations and 6 h3} (9... Nbd7 10. O-O Nh5 11. Re1 Ne5 12. Be2 Nd7 13. Bg5 Bf6 14. Qd2 Ne5 15. Bxf6 Nxf3+ 16. Bxf3 Nxf6 17. Qf4 a6 {1-0 (92) Kazhgaleyev,M (2594)-Vasquez Schroder,R (2554) chess.com INT 2017}) 10. O-O Re8 11. Bf4 {LiveBook: 4 Games} Nh5 {White is better.} 12. Bg5 f6 $146 ({Predecessor:} 12... Qb6 13. Re1 Bd7 14. Ne4 f5 15. Ned2 h6 16. Rxe8+ Bxe8 17. Qe2 Bf7 {1-0 (31) Gudilina,G (2057)-Mukhametgaleeva,R Smolensk 2008}) 13. Bd2 {[#] g4 is the strong threat.} f5 $1 14. Ng5 Be5 15. Qc1 Ng7 16. f4 Bd4+ 17. Kh2 Nd7 18. Nf3 Bf6 19. a4 {[%cal Ba2a4,Ba4a5][%mdl 32]} Nf8 20. a5 h6 {[#]} (20... b6 $14) 21. Na4 $1 $16 Nh7 (21... Rb8 $16 22. g3 Bd7) 22. Nb6 Rb8 23. Qc2 g5 (23... Nf8 $142 24. Rae1 Bd7) 24. g3 {[%cal Bg2g3,Bg3f4][%mdl 32]} gxf4 $2 (24... Bd7 {might work better.} 25. Rae1 Qc7) 25. gxf4 $18 {White is clearly winning.} Nf8 26. Rg1 Kf7 27. Rg2 Nd7 28. Nxc8 Rxc8 29. Bxf5 Re7 30. Rag1 Rc7 31. Be6+ {Precision: White = 72%, Black = 24%.} 1-0

[Event "XII Americas Continental-ch 2017"]
[Site "Medellin"]
[Date "2017.06.11"]
[Round "1"]
[White "Zapata, Juan Carlos"]
[Black "Bachmann, Axel"]
[Result "0-1"]
[WhiteElo "2110"]
[BlackElo "2653"]
[Annotator "TA"]
[PlyCount "101"]
[EventDate "2017.??.??"]
[EventType "swiss"]
[EventCountry "COL"]
[SourceTitle "playchess.com"]
[Source "ChessBase"]
[SourceQuality "1"]

{[%evp 10,101,21,0,0,-18,-14,-8,0,0,0,0,0,0,0,-21,2,-20,-14,-26,-16,-16,-14,-26,-27,-28,-37,-29,-27,-47,-38,-72,-72,-68,-77,-74,-61,-73,-59,-55,-52,-55,-55,-46,-57,-71,-69,-68,-39,-61,-58,-84,-68,-105,-43,-59,-51,-60,-52,-100,-81,-103,-104,-104,-32,-49,-49,-127,-106,-203,-198,-191,-190,-177,-184,-273,-197,-206,-218,-195,-181,-175,-182,-350,-344,-647,-623,-645,-642,-633,-623,-615,-607,-715]} 1. d4 Nf6 2. c4 e6 3. Nf3 Bb4+ 4. Bd2 a5 5. Nc3 b6 6. g3 Ba6 {E11: Bogo-Indian} (6... Bb7 7. Bg2 O-O 8. O-O d6 9. d5 exd5 10. Nxd5 Bxd2 11. Qxd2 Nbd7 12. Nd4 Nc5 13. b3 Re8 14. Nc6 Qd7 15. Nxf6+ gxf6 16. Nd4 Bxg2 17. Kxg2 {1-0 (42) Romanov,E (2635)-Iordachescu,V (2581) Kishinev 2016}) 7. b3 d5 8. cxd5 exd5 {The position is equal.} 9. Bg2 O-O 10. O-O Re8 {Hoping for ...Bxc3.} 11. Re1 Nbd7 12. a3 Bd6 13. Nxd5 $146 ({Predecessor:} 13. Nh4 Bb7 14. Nb5 {½-½ (41) Schandorff,L (2335)-Kroll,O (2330) Aarhus 1986}) 13... Nxd5 14. e4 Bb7 15. exd5 Bxd5 16. Bc3 Rxe1+ 17. Nxe1 Nf6 18. Bxd5 Nxd5 19. Bb2 Qf6 20. Qf3 Qxf3 21. Nxf3 a4 22. b4 f6 23. Kf1 Kf7 24. Ke2 g5 25. Kd3 b5 26. Re1 Rd8 27. Kc2 h5 28. Nd2 Bf8 29. Ne4 c6 30. Nc3 Nb6 31. Rd1 g4 (31... f5 $17 32. Bc1 Be7) 32. Bc1 $15 f5 33. Ne2 Bg7 34. Rd3 Nd5 35. Be3 Bf6 36. Nc3 Ne7 (36... Nb6 $17 37. Nd1 h4) 37. Ne2 h4 38. gxh4 (38. Nf4 $15) 38... Rh8 $17 39. Nf4 (39. Bf4 $17) 39... Rxh4 $19 40. d5 cxd5 41. Nxd5 Rxh2 {[#] ...g3 is the strong threat.} 42. Kd1 (42. Nxf6 {keeps fighting.} g3 43. Nd7 gxf2 44. Bxf2 Rxf2+ 45. Kc3) 42... Bh4 43. Ke1 Rh1+ 44. Ke2 Ra1 45. Nc7 Ra2+ 46. Kf1 $2 {[#]} (46. Rd2 {was the only defense.} Rxa3 47. Nxb5) 46... f4 $1 {[%cal Rf4e3,Bf5f4,Bf4f3][%mdl 544]} 47. Bd2 $2 (47. Bc5 f3 48. Ke1) (47. Bxf4 Rxf2+) 47... Ra1+ {Black is clearly winning.} 48. Ke2 f3+ 49. Ke3 g3 50. fxg3 Bxg3 {Threatens to win with ...f2.} 51. Kd4 {Precision: White = 42%, Black = 70%.} 0-1

[Event "XII Americas Continental-ch 2017"]
[Site "Medellin"]
[Date "2017.06.11"]
[Round "1"]
[White "Aponte Castillo, Ernesto"]
[Black "Bruzon Batista, Lazaro"]
[Result "0-1"]
[WhiteElo "2108"]
[BlackElo "2650"]
[Annotator "TA"]
[PlyCount "118"]
[EventDate "2017.??.??"]
[EventType "swiss"]
[EventCountry "COL"]
[SourceTitle "playchess.com"]
[Source "ChessBase"]
[SourceQuality "1"]

{[%evp 9,118,-12,-19,-21,-18,-18,-23,-15,-17,-16,-26,-27,-22,-27,-18,-23,-1,-14,-22,-33,-41,-28,-18,-22,-18,-16,-22,0,0,-43,0,0,0,0,90,64,118,125,178,170,163,177,214,211,217,168,173,58,130,136,135,129,155,159,163,153,154,122,126,120,137,54,51,50,42,0,0,0,0,-18,-39,-10,-10,-10,-8,-11,-5,-8,0,-8,-8,-8,0,0,-5,-3,-1,-9,0,0,0,0,0,-99,-99,-29974,-29975,-29975,-29976,-29976,-29977,-29977,-29978,-29978,-29979,-29979,-29980,-29980,-29981,-29981,-29982]} 1. c4 Nf6 2. Nc3 e5 3. d3 Bb4 4. Bd2 O-O 5. Nf3 Re8 6. e3 {A22: English Opening: 1...e5 2 Nc3 Nf6} c6 7. a3 Bf8 8. Be2 {Black has an edge.} d5 9. cxd5 cxd5 10. d4 e4 11. Ne5 Nbd7 $146 ({Predecessor:} 11... Bd6 12. Nb5 Bxe5 13. dxe5 Rxe5 {0-1 (29) Neverov,V (2550)-Petursson,M (2560) Oviedo 1993}) 12. Nxd7 Bxd7 13. Qb3 Bc6 14. Rc1 Qd7 15. O-O Bd6 16. f3 exf3 17. Rxf3 Re6 18. Rcf1 Qe7 19. h3 Re8 20. Bd3 {next Bf5 is good for White.} Bb8 21. Bf5 Rd6 (21... Qd6 $11) 22. Be1 $1 $16 Kh8 (22... Rf8 $14) 23. Bh4 Rg8 (23... Qf8 $16 {might work better.} 24. Bb1 Qg8) 24. Qc2 $18 h6 25. Qf2 Re8 26. Bb1 $1 {Qc2 is the strong threat.} Kg8 27. Bxf6 Rxf6 {[#]} 28. Rxf6 ({Only move:} 28. Qc2 $1 $18 {[%cal Rc2h7] Qh7+ would kill now.} Qd6 29. Qh7+ Kf8 30. g3) 28... Qxf6 ({Black should try} 28... gxf6 $14 29. Ba2 (29. Qxf6 Qxf6 30. Rxf6 Rxe3 $11) 29... Qxe3) 29. Qxf6 $16 gxf6 30. Kf2 ({But not} 30. Rxf6 $6 Rxe3 31. Kf2 (31. Rxh6 Bg3 $11) 31... Re6 $11) 30... Kf8 31. Ba2 f5 32. Bxd5 f4 33. Re1 Bxd5 34. Nxd5 fxe3+ 35. Rxe3 {[%mdl 4096] Endgame KRB-KRN} (35. Nxe3 $16 Bf4 36. g4) 35... Rd8 $14 36. Nf6 Bf4 $1 {[%cal Rf4e3]} 37. Re4 Bc1 38. Re2 Rxd4 {White must now prevent ...Rf4+.} 39. g3 Rd6 40. Re8+ Kg7 41. Nh5+ $1 Kg6 42. Nf4+ Kf6 43. Re2 $1 a5 (43... Bxf4 $5 44. gxf4 Kf5 $15) 44. Rc2 Bxf4 45. gxf4 $11 {KR-KR} Rb6 46. Kg3 Rb5 47. Kg4 Kg6 48. Rd2 f6 49. Rf2 h5+ 50. Kh4 a4 51. f5+ (51. Rg2+ $11 {remains equal.} Kh6 52. Rc2) 51... Rxf5 $17 52. Rxf5 $4 {[%mdl 8192]} (52. Rg2+ $17 Rg5 53. Rd2) 52... Kxf5 {Black mates.} 53. Kxh5 {[#] K3P-K3P} Ke4 $1 54. Kg6 f5 55. h4 f4 56. h5 f3 57. h6 f2 58. h7 f1=Q 59. h8=Q Qf5+ {Precision: White = 62%, Black = 64%.} 0-1

[Event "XII Americas Continental-ch 2017"]
[Site "Medellin"]
[Date "2017.06.11"]
[Round "1"]
[White "Arango, Andres Mauricio"]
[Black "Cori, Jorge"]
[Result "0-1"]
[WhiteElo "2103"]
[BlackElo "2618"]
[Annotator "TA"]
[PlyCount "62"]
[EventDate "2017.??.??"]
[EventType "swiss"]
[EventCountry "COL"]
[SourceTitle "playchess.com"]
[Source "ChessBase"]
[SourceQuality "1"]

{[%evp 20,62,19,-12,4,-4,-10,-18,-12,-63,-58,-77,-74,-94,-98,-108,-96,-104,-108,-181,-186,-191,-178,-337,-351,-363,-352,-345,-358,-343,-358,-358,-347,-334,-347,-344,-342,-391,-391,-386,-389,-354,-348,-429,-424]} 1. e4 c5 2. Nf3 Nc6 3. d4 cxd4 4. Nxd4 e6 5. Nc3 Qc7 6. Be2 a6 7. O-O Nf6 8. Kh1 Be7 9. f4 d6 10. Bf3 O-O 11. g4 Nxd4 {B84: Sicilian Scheveningen: 6 Be2 a6, lines without early Be3} 12. Qxd4 Nd7 13. Qf2 $146 ({Predecessor:} 13. a4 b6 14. g5 Bb7 15. f5 Qc5 16. Qxc5 bxc5 17. Bg2 Rfe8 18. Bf4 Rad8 19. Rad1 Nb8 20. h4 Nc6 21. Rd2 Bf8 {½-½ (21) Lau,R (2467)-Schlosser,P (2554) Germany 2006}) 13... b5 {The position is equal.} 14. Nd1 (14. a3 $11) 14... Bb7 $15 15. Ne3 Bc6 16. Re1 Qb7 17. Qg2 Nc5 $36 {[%cal Rc6e4][%mdl 2048] Keeping White busy.} 18. Nf1 f5 19. gxf5 (19. Nd2 $17) 19... exf5 $19 20. Nd2 Bh4 21. Re2 $2 {[#]} (21. Re3 {only move.}) 21... fxe4 $1 22. Nxe4 Rae8 23. Nd2 Rxe2 24. Qxe2 Rxf4 25. Bxc6 Qxc6+ 26. Qg2 Qxg2+ 27. Kxg2 Rf2+ 28. Kg1 Re2 29. Nf3 Bf2+ 30. Kf1 Rxc2 31. Bd2 Ne4 {Precision: White = 29%, Black = 88%.} 0-1

[Event "XII Americas Continental-ch 2017"]
[Site "Medellin"]
[Date "2017.06.11"]
[Round "1"]
[White "Soto, Christian Camilo"]
[Black "Sevian, Samuel"]
[Result "0-1"]
[WhiteElo "2102"]
[BlackElo "2601"]
[Annotator "TA"]
[PlyCount "74"]
[EventDate "2017.??.??"]
[EventType "swiss"]
[EventCountry "COL"]
[SourceTitle "playchess.com"]
[Source "ChessBase"]
[SourceQuality "1"]

{[%evp 13,74,19,17,-8,0,-24,12,-27,46,38,50,11,39,-39,0,-9,-5,-56,-69,-39,-35,-83,-37,-91,-36,-34,-54,-45,0,-51,-37,-60,-31,-37,-27,-104,-100,-91,-48,-59,-65,-92,-80,-70,-86,-77,-87,-79,-90,-96,-101,-118,-108,-449,-439,-443,-439,-622,-597,-975,-748,-758,-758]} 1. c4 e5 2. Nc3 Nc6 3. g3 Bc5 4. Bg2 a6 5. e3 d6 6. Nge2 {A25: English Opening vs King's Indian with ...Nc6 but without early d3} Ba7 7. d4 h5 {[%cal Bh7h5,Bh5h4][%mdl 32] LiveBook: 13 Games} 8. b4 {The position is equal.} (8. h3 h4 9. g4 f5 10. dxe5 fxg4 11. exd6 gxh3 12. Bxh3 Bxh3 13. Rxh3 {0-1 (40) Gajewski,G (2634)-Ragger,M (2680) Chartres 2017}) 8... exd4 9. exd4 h4 $146 ({Predecessor:} 9... Nxb4 10. d5 a5 11. O-O h4 12. Nd4 {0-1 (33) Carlstedt,J (2460)-Bijlsma,N (2298) Helsingor 2015}) 10. Be3 Nce7 (10... Nxb4 $11 11. Qa4+ Nc6) 11. Qd2 Nf5 12. c5 Nge7 13. a4 (13. Bf4 $1 $14) 13... O-O (13... a5 {is more complex.} 14. Bf4 c6 15. cxd6 Nxd6 16. b5 Kf8) 14. O-O Nxe3 15. fxe3 (15. Qxe3 $11 Nf5 16. Qf4) 15... dxc5 $15 16. bxc5 Bxc5 17. gxh4 Ba7 18. e4 (18. Ng3 $15) 18... Nc6 ({Black should try} 18... c5 $1 $17 {[%cal Rc5d4]} 19. d5 Ng6) 19. Nd5 Bg4 {Hoping for ...Bxe2.} 20. Kh1 Ne7 (20... Bxe2 $5 21. Qxe2 Bxd4 $17) 21. Nxe7+ ({Better is} 21. Ndf4 $11) 21... Qxe7 22. Ng3 Rad8 23. d5 c6 24. Qg5 (24. Qf4 $11 {keeps the balance.} Qd7 25. Nf5 Bxf5 26. Qxf5) 24... Qxg5 $17 25. hxg5 Rfe8 26. Rab1 Bc8 27. h4 Bb8 $36 {[%mdl 2048] Black is really pushing.} 28. Nf5 cxd5 29. exd5 {[#]} Re5 $1 30. Nd4 Ba7 31. Nb3 g6 32. Na5 {[#]} Kg7 $1 {...Rh8 is the strong threat.} 33. Rfd1 $2 {[%mdl 8192]} (33. Rf4 $17 {is a better chance.}) 33... Rh8 $19 {Black is clearly winning.} 34. Rb4 Rxg5 35. Bf3 (35. Rd2 $142) 35... Rg3 36. Rf1 Bh3 37. Kh2 Bb8 {Precision: White = 29%, Black = 60%.} (37... Bxf1 $2 38. Kxg3 b5 39. Nb7 $19) 0-1

[Event "XII Americas Continental-ch 2017"]
[Site "Medellin"]
[Date "2017.06.11"]
[Round "1"]
[White "Caceres Vasquez, Sergio"]
[Black "Fier, Alexandr"]
[Result "0-1"]
[WhiteElo "2094"]
[BlackElo "2576"]
[Annotator "TA"]
[PlyCount "174"]
[EventDate "2017.??.??"]
[EventType "swiss"]
[EventCountry "COL"]
[SourceTitle "playchess.com"]
[Source "ChessBase"]
[SourceQuality "1"]

{[%evp 19,174,-10,55,-11,0,-5,0,0,48,31,22,2,36,-7,12,0,2,0,55,60,87,10,8,12,22,16,0,0,7,6,7,0,0,0,83,73,62,0,0,0,0,0,0,0,0,0,0,0,86,72,97,48,54,31,35,0,0,0,0,0,0,0,0,0,0,0,0,0,0,0,0,-1,0,-133,-25,-109,0,0,0,0,0,0,0,0,0,0,0,0,0,0,0,0,0,0,0,0,0,0,0,0,0,0,0,0,0,0,0,0,0,0,0,0,0,0,0,0,0,0,0,0,0,0,0,0,0,0,0,0,0,0,0,0,0,0,0,0,0,0,0,-12847,-12847,-12850,-29978,-29978,-29979,-29979,-29980,-29981,-29981,-29982,-29983,-29983,-29984,-29984,-29985,-29985,-29984]} 1. d4 Nf6 2. c4 g6 3. Nc3 Bg7 4. e4 O-O 5. f4 d6 6. Nf3 c5 7. d5 e6 8. Be2 exd5 9. cxd5 Re8 10. e5 Nfd7 (10... dxe5 $11 11. fxe5 Ng4) 11. exd6 {A69: Modern Benoni: Four Pawns Attack with 9...Re8} (11. Ng5 $1 $14) (11. O-O dxe5 12. d6 Nc6 13. Ng5 exf4 14. Nxf7 Bd4+ 15. Qxd4 cxd4 16. Nxd8 Rxd8 17. Nb5 g5 18. h4 h6 {½-½ (54) Fier,A (2603)-Bacrot,E (2704) Le Port Marly 2012}) 11... Nf6 12. O-O Qxd6 13. Ne5 {[%cal Bf3e5,Be5c4,Bc4d6][%mdl 32] The position is equal.} Na6 14. Bf3 Rb8 $146 ({Predecessor:} 14... Nc7 15. a4 Na6 16. Nb5 Qd8 17. Nc4 Ne4 18. Re1 f5 {1-0 (31) Uliashov,D (2274)-Smirnov,I (2022) Ukhta 2009}) 15. Nc4 Qd8 16. Nb5 Ne4 17. Bxe4 Rxe4 18. Ncd6 $1 {[%cal Rd6e4]} Rd4 (18... Rb4 $11) 19. Qf3 $14 {Strongly threatening f5.} Nc7 20. Nxc7 (20. f5 $1 $16 {[%cal Rf5g6]} Nxb5 21. Nxb5 Rxd5 22. fxg6 fxg6 23. Bf4) 20... Qxd6 $11 21. Nb5 Qxd5 22. Nxd4 Qxd4+ 23. Be3 Qxb2 24. Bxc5 b6 25. Bf2 Be6 26. a3 Qxa1 (26... Rc8 $11) 27. Rxa1 $16 Bxa1 28. Qd1 ({White should play} 28. g4 $1 $14) 28... Bf6 $11 29. h3 h5 (29... Rd8 $5 {[%cal Rd8d1]} 30. Qa4 Rd7 $15) 30. Qa4 Rb7 31. f5 gxf5 32. Bd4 b5 33. Qb4 Be7 (33... a5 $11 34. Qd6 Bxd4+ 35. Qxd4 b4) 34. Qe1 $16 {[%mdl 1024] White has strong compensation.} Kf8 35. Qg3 a5 36. Qe3 Ke8 37. Qc3 (37. Qf3 $5 {[%cal Rf3b7]} Rc7 38. Qa8+ Kd7 39. Qxa5 $14) 37... b4 38. Qc6+ Rd7 39. axb4 axb4 40. Qb5 b3 41. Qe5 {And now Qh8+ would win.} Rb7 42. Qh8+ Kd7 43. Qa8 Bd5 {Hoping for ...Bc5!} 44. Qa5 Be4 45. Qd2 Ke6 46. Qf4 (46. Qc1 $11) 46... f6 (46... Ba3 $1 $17 47. Qe5+ Kd7) 47. Qc1 (47. Bb2 $1 $11 {was the only way to keep the balance.}) 47... Kd7 ({Black should try} 47... Kd5 $1 $17 {[%cal Rd5d4]} 48. Qb2 Ba3 $1 {[%mdl 512]} 49. Qxa3 Kxd4 50. Qb2+ Kc4) 48. Bb2 $11 Bd5 49. Qf4 Ke6 50. g4 hxg4 51. hxg4 Bc5+ 52. Kf1 fxg4 53. Qxg4+ Kd6 54. Qf4+ Kc6 55. Qa4+ Kc7 56. Qa5+ Kd6 57. Qd8+ Kc6 58. Qc8+ Kb5 59. Qe8+ Kb4 60. Qe1+ Ka4 {White must now prevent ...Re7.} 61. Qe8+ Kb4 62. Qe1+ Kb5 63. Qe8+ Bc6 64. Qd8 Rd7 65. Qb8+ Bb6 66. Ke2 Ka6 (66... f5 $5 {[%cal Rd7e7]}) 67. Qg8 Re7+ (67... f5 $5 {[%cal Rf5f4]} 68. Qe6 Bb5+ 69. Kf3 Rd2 70. Qc8+ Ka7 $11) 68. Kd2 Rd7+ 69. Ke2 Rd5 (69... f5 $5 {[%cal Rf5f4]} 70. Qe6 Bb5+ 71. Kf3 Rd2 72. Qc8+ Ka7 $11) 70. Bxf6 Bb5+ 71. Kf3 Rd3+ 72. Ke4 Re3+ 73. Kf4 {Threatens to win with Qa8+.} Bc6 {...Rf3+ is the strong threat.} 74. Qc8+ Kb5 75. Qf5+ Ka4 (75... Kb4 $5 {[%cal Re3f3]} 76. Kg5 Re4 $15) 76. Qb1 Rf3+ 77. Ke5 Bc7+ 78. Ke6 Re3+ 79. Kf5 $2 {[%mdl 8192]} (79. Kf7 $11) 79... Be4+ $1 $19 80. Qxe4+ Rxe4 81. Kxe4 {[%mdl 4096] Endgame KB-KB. Black mates.} Ka3 82. Kd3 Ka2 83. Kd2 Bd6 ({Stronger than} 83... b2 84. Bxb2 $1 $11 {[%mdl 512]}) 84. Kd1 Ba3 (84... b2 85. Bxb2 $1 $11 {[%mdl 512]}) 85. Bc3 Bb2 ({Worse is} 85... b2 86. Bxb2 $1 $11 {[%mdl 512]}) 86. Bd2 Be5 87. Bc1 Bf4 {Precision: White = 64%, Black = 63%.} ({Inferior is} 87... b2 {[#]} 88. Bxb2 $1 $11 {[%mdl 512]}) 0-1

[Event "XII Americas Continental-ch 2017"]
[Site "Medellin"]
[Date "2017.06.11"]
[Round "1"]
[White "Sanchez, Jorge Luis"]
[Black "Ortiz Suarez, Isan Reynaldo"]
[Result "0-1"]
[WhiteElo "2092"]
[BlackElo "2570"]
[Annotator "TA"]
[PlyCount "110"]
[EventDate "2017.??.??"]
[EventType "swiss"]
[EventCountry "COL"]
[SourceTitle "playchess.com"]
[Source "ChessBase"]
[SourceQuality "1"]

{[%evp 15,110,0,0,0,29,0,-11,-67,-66,-67,-54,-56,-52,-67,-66,-86,-45,-64,-64,-64,-68,-44,-59,-97,-55,-47,-54,-56,-41,-26,0,0,26,0,4,8,9,0,31,20,44,38,37,22,14,0,33,4,50,34,47,20,40,32,40,0,0,0,0,0,0,0,0,0,0,0,0,-39,-19,-39,-54,-49,-45,-40,-49,-178,-191,-189,-189,-180,-161,-277,-270,-276,-260,-262,-254,-244,-199,-180,-121,-354,-350,-657,-639,-1026,-1009]} 1. e4 c5 2. Nf3 d6 3. d4 cxd4 4. Nxd4 Nf6 5. Nc3 a6 6. Bc4 e6 7. Bb3 b5 8. Qf3 Bb7 9. Bg5 {B87: Sicilian Scheveningen/Najdorf: 6 Bc4, with early ...b5} (9. O-O Nc6 10. Nxc6 Bxc6 11. Re1 Be7 12. Qg3 O-O 13. Bh6 Ne8 14. a3 a5 15. Rad1 Qc7 16. Bg5 Bxg5 17. Qxg5 b4 18. Nb5 Bxb5 19. Qxb5 bxa3 20. bxa3 Nf6 {½-½ (20) Rublevsky,S (2680)-Dominguez Perez,L (2678) Foros 2007}) 9... h6 10. Bxf6 Qxf6 11. Qd3 $146 ({White should try} 11. Qxf6 $11 gxf6 12. O-O) ({Predecessor:} 11. Qe3 Qe5 12. O-O-O Be7 13. f4 Qc5 14. Qh3 Bc8 15. f5 exf5 16. exf5 O-O {1-0 (30) Szakolczai,P (2175)-Varga,C (2186) Hungary 2001}) 11... Nd7 $1 $15 12. O-O-O Nc5 13. Qe3 Be7 14. f3 O-O 15. Kb1 Rac8 16. h4 b4 17. Na4 Nxa4 18. Bxa4 Qe5 19. Nb3 d5 {[%cal Rd5e4]} (19... Bf6 {looks sharper.} 20. Qd4 Qxd4 21. Nxd4 Rfd8 22. Bb3 d5) 20. f4 $1 {[%cal Rf4e5]} Qc7 ({Not} 20... Qxe4 $2 21. Qxe4 dxe4 22. Rd7 $18) 21. Qf2 Rfd8 (21... Bc5 $5 22. Qxc5 Qxc5 23. Nxc5 Rxc5 $15) 22. e5 d4 (22... Bc5 $5 23. Nxc5 Qxc5 $11) 23. Rhe1 Rd5 24. Rd2 Rcd8 25. Red1 a5 26. Nc1 Bc6 27. Bxc6 Qxc6 28. Nd3 a4 29. b3 Ra5 30. g3 Qa6 31. h5 Ra8 32. Qe2 Qc6 33. Nc1 axb3 34. cxb3 Rc5 35. Rxd4 (35. g4 {is more complex.} Rc3 36. Qg2 Qxg2 37. Rxg2 Rd8 38. Nd3) 35... Rc8 {[%cal Rc5c1]} 36. Rc4 Rxc4 37. Qxc4 Qxc4 38. bxc4 Rxc4 $11 {[%mdl 4096] Endgame KRB-KRN} 39. Kb2 f6 40. Rd7 Kf8 41. Rd3 Ke8 42. Rf3 fxe5 43. fxe5 Bg5 44. Nd3 Rc3 45. Ne1 (45. Kb1 $15) 45... Bd2 $1 $19 {[%cal Rd2e1]} 46. Nd3 {[#]} Bc1+ $1 {[%mdl 512]} 47. Kb1 (47. Nxc1 Rxf3) 47... Ba3 $1 48. Re3 (48. g4 {is the only way for White.}) 48... Kd7 $1 {[%cal Rd7c6]} 49. Rf3 {[#]} Kc6 $1 50. Re3 Kb6 51. Rf3 Kb5 52. g4 Kb6 (52... Kc4 $19 53. Nb2+ Kd4 54. Rf4+ Kd5) 53. Re3 $2 {[#]} (53. Rh3 $17) 53... Kc6 $1 {[%cal Rc6b5]} 54. Rf3 $2 (54. Rh3 Kd5 55. Nf4+ Ke4 56. Rxc3 bxc3 57. Ne2 (57. Nxe6 $2 Kd3 $19)) 54... Kb5 55. Re3 {If only White now had time for Rf3....} Kc4 {Precision: White = 37%, Black = 66%.} 0-1

[Event "XII Americas Continental-ch 2017"]
[Site "Medellin"]
[Date "2017.06.11"]
[Round "1"]
[White "Fuentes Godoy, Lilia Ivonne"]
[Black "Flores, Diego"]
[Result "0-1"]
[WhiteElo "2088"]
[BlackElo "2567"]
[Annotator "TA"]
[PlyCount "56"]
[EventDate "2017.??.??"]
[EventType "swiss"]
[EventCountry "COL"]
[SourceTitle "playchess.com"]
[Source "ChessBase"]
[SourceQuality "1"]

{[%evp 14,56,28,4,9,-1,45,29,48,13,31,2,37,-6,0,-7,31,-172,-55,-56,-59,-56,-49,-49,-62,-107,-108,-102,-95,-97,-87,-102,-90,-107,-95,-100,-99,-139,-134,-131,-139,-256,-267,-441,-470]} 1. d4 Nf6 2. c4 e6 3. Nf3 d5 4. g3 Be7 5. Bg2 O-O 6. Qc2 dxc4 7. Qxc4 a6 8. Qc2 Nc6 {[%cal Bb8c6,Bc6b4,Bb4d5,Bd5f6,Bf6e4][%mdl 32] E06: Closed Catalan: Early deviations} (8... c5 9. dxc5 Qa5+ 10. Bd2 Qxc5 11. Qxc5 Bxc5 12. Ne5 Nbd7 13. Nd3 Bd4 14. Bb4 Re8 15. Nd2 Ne5 16. Nxe5 Bxb2 {1-0 (115) Harikrishna,P (2755)-Aravindh,C (2500) Gibraltar 2016}) 9. O-O Nb4 10. Qb3 c5 {White has an edge.} 11. a3 Nbd5 $146 (11... Qd5 $5 {[%cal Rd5b3]} 12. Qd1 Nc6 $11) ({Predecessor:} 11... Nc6 12. dxc5 Bxc5 13. Nc3 h6 14. Rd1 Qe7 15. Na4 Ba7 16. Nb6 {1-0 (33) Postny,E (2619)-Husbands,O (2257) Baku 2016}) 12. Rd1 Qc7 13. Nbd2 cxd4 14. Nxd4 Rd8 (14... Bc5 $5 {[%cal Rc5d4]} 15. Qc4 Nb6 $11) 15. Ne4 $2 {[#]} (15. e4 $1 $14 {stays ahead.} Nf4 16. e5) 15... Nxe4 (15... e5 $19 16. Nc2 Be6) 16. Bxe4 $15 Nf6 17. Bc2 $1 e5 18. Nf3 Be6 19. Qc3 Rxd1+ 20. Bxd1 Qxc3 21. bxc3 Ne4 $36 {[%mdl 2048] Black is on the roll.} 22. Bb2 f6 23. Bc2 {[#]} Nxc3 $1 {[%mdl 512]} 24. Bxc3 {Strongly threatening Be4.} Rc8 25. Bxh7+ Kxh7 26. Bd2 Rc2 27. Rc1 (27. Kf1 $17 {might work better.}) 27... Ra2 $19 28. Rc7 $2 (28. Bb4 Bxb4 29. axb4) 28... Bd6 {Precision: White = 24%, Black = 44%.} 0-1

[Event "XII Americas Continental-ch 2017"]
[Site "Medellin"]
[Date "2017.06.11"]
[Round "1"]
[White "Okamura, Milton Kasuo"]
[Black "Shabalov, Alexander"]
[Result "0-1"]
[WhiteElo "2085"]
[BlackElo "2556"]
[Annotator "TA"]
[PlyCount "54"]
[EventDate "2017.??.??"]
[EventType "swiss"]
[EventCountry "COL"]
[SourceTitle "playchess.com"]
[Source "ChessBase"]
[SourceQuality "1"]

{[%evp 11,54,27,27,0,0,0,0,-13,-4,-12,-8,-11,-10,-21,-9,-11,19,-37,-22,-28,0,-8,-4,-14,-3,-28,0,-25,-18,-41,-39,-29,-18,-14,-5,-62,-50,-47,-45,-267,-258,-213,-214,-602,-585]} 1. d4 Nf6 2. c4 Nc6 3. Nf3 e6 4. Nc3 Bb4 5. e3 d6 6. Qc2 e5 {LiveBook: 7 Games. E33: Nimzo-Indian: Classical: 4...Nc6} (6... O-O 7. a3 Bxc3+ 8. Qxc3 a5 9. b3 Re8 10. Bb2 e5 11. dxe5 dxe5 12. Be2 Bf5 13. Nd2 Nd4 14. exd4 exd4 15. Qxd4 Bd3 16. O-O Rxe2 17. Qc3 Rxd2 18. Qxd2 Bxf1 19. Qxd8+ Rxd8 20. Bxf6 gxf6 21. Kxf1 {½-½ (28) Grachev,B (2583)-Grischuk,A (2710) playchess.com INT 2006}) 7. h3 $146 ({Predecessor:} 7. a3 Bxc3+ 8. Qxc3 O-O 9. dxe5 dxe5 10. Nxe5 Nxe5 11. Qxe5 Re8 12. Qc3 Ne4 13. Qc2 Bf5 14. Bd3 Nxf2 15. Bxf5 Nxh1 {0-1 (42) Wozniak,M (2246)-Tsolakidou,S (2355) Khanty-Mansiysk 2016}) 7... O-O 8. Be2 Re8 {The position is equal.} 9. O-O Bxc3 10. Qxc3 Ne4 11. Qc2 Bf5 {Threatens to win with ...Ng3!} 12. Qd1 Qf6 13. d5 Ne7 14. Bd2 (14. Nd2 $11) 14... c6 15. dxc6 bxc6 16. Bb4 a5 17. Ba3 a4 18. Nd2 Nc5 19. Nf3 (19. b4 $5 {[%cal Rb4c5]} axb3 20. axb3 $11) 19... Ng6 20. Rc1 h6 21. Qd2 Ne4 22. Qd1 $1 Red8 23. Qe1 (23. Bd3 $11) 23... d5 24. cxd5 cxd5 25. Qd1 $2 {[#]} ({White should play} 25. Rc7 $15) 25... d4 $1 $19 {[%cal Rd4e3]} 26. exd4 Nf4 27. Nxe5 $2 {[#]} (27. Rc7 Qb6 28. Re7) 27... Rxd4 $3 {[%mdl 512] Precision: White = 33%, Black = 50%.} 0-1